[Event "Polish Extraleague"]
[Site "Lubniewice POL"]
[Date "2003.09.07"]
[Round "9"]
[White "Wojtaszek,R"]
[Black "Barglowski,F"]
[Result "1-0"]
[WhiteElo "2462"]
[BlackElo "2318"]

1.d4 d5 2.Nf3 c6 3.c4 e6 4.Qc2 dxc4 5.Qxc4 Nf6 6.Bg5 b5 7.Qc2 Bb7 8.e3 Nbd7
9.Be2 a6 10.a4 Be7 11.O-O O-O 12.Nbd2 Rc8 13.Bxf6 Nxf6 14.Nb3 Nd7 15.Qd2 b4
16.Rfd1 c5 17.dxc5 Bd5 18.Bxa6 Nxc5 19.Nxc5 Rxc5 20.Bf1 Bxf3 21.Qxd8 Bxd8
22.gxf3 Rc2 23.a5 Bh4 24.Rd3 Rxb2 25.a6 b3 26.Ra3 Bxf2+ 27.Kh1 Rb1 28.Rdxb3 Rxf1+
29.Kg2 Rc1 30.Kxf2 Rcc8 31.a7 g6 32.Ke2 Kg7 33.Rb7 Rfd8 34.Ra2 Ra8 35.Rd2 Rf8
36.Rdb2 g5 37.R2b4 h6 38.h3 Rg8 39.R4b6 Rgf8 40.Rxe6 Rfc8 41.Ra6 Rc2+ 42.Kd3 Rcc8
43.Ra2 Rd8+ 44.Ke2 Rf8 45.Rab2 Rfd8 46.e4 Rg8 47.Kf2  1-0

[Event "EYb18"]
[Site "Budva YUG"]
[Date "2003.09.19"]
[Round "6"]
[White "Wojtaszek,R"]
[Black "Cornette,M"]
[Result "1-0"]
[WhiteElo "2462"]
[BlackElo "2366"]

1.d4 d5 2.Nf3 Nf6 3.c4 c6 4.Nc3 a6 5.Qb3 e6 6.Bg5 Be7 7.e3 O-O 8.Bd3 dxc4
9.Bxc4 b5 10.Be2 Nbd7 11.O-O c5 12.Rfd1 Bb7 13.dxc5 Qc7 14.c6 Bxc6 15.Nd4 Nc5
16.Qc2 Bb7 17.Rac1 Rac8 18.a3 h6 19.Bh4 Bd6 20.Bg3 Bxg3 21.hxg3 Rfd8 22.b4 Ncd7
23.Qb2 Qe5 24.a4 bxa4 25.Nxa4 Ne4 26.Bf3 Ndf6 27.Qa3 g5 28.Nc5 Ba8 29.Nxe4 Nxe4
30.Rxc8 Rxc8 31.Qxa6 Rd8 32.Rc1  1-0

[Event "EYb18"]
[Site "Budva YUG"]
[Date "2003.09.20"]
[Round "7"]
[White "Zhigalko,A"]
[Black "Wojtaszek,R"]
[Result "0-1"]
[WhiteElo "2466"]
[BlackElo "2462"]

1.e4 c5 2.b3 Nc6 3.Bb2 d6 4.Bb5 e5 5.f4 Ne7 6.Ne2 a6 7.Bxc6+ Nxc6 8.O-O g6
9.Nbc3 Bg7 10.Nd5 Be6 11.Ne3 Nd4 12.f5 Bd7 13.Ng3 h5 14.c3 h4 15.Nh1 Nc6
16.Qf3 gxf5 17.Nxf5 Bxf5 18.Qxf5 Qe7 19.Nf2 Qe6 20.Ng4 Ne7 21.Nf6+ Bxf6 22.Qxf6 Rh6
23.Qg7 h3 24.Rxf7 Qxf7 25.Qxh6 hxg2 26.Qh8+ Ng8 27.Qh3 Nf6 28.d4 Nxe4 29.Qxg2 Qh7
30.Re1 d5 31.Re3 O-O-O 32.Qh3+ Qxh3 33.Rxh3 exd4 34.cxd4 c4 35.bxc4 dxc4
36.Re3 Nf6 37.Ra3 Rd6 38.Kf2 b5 39.Ke2 Kd7 40.Rf3 b4 41.a3 a5 42.axb4 axb4
43.Kd1 Nd5 44.Kc2 Kc6 45.Rf8 Nb6 46.h4 Rg6 47.h5 Rg2+ 48.Kc1 Rh2 49.Rf6+ Kb5
50.Rf5+ Ka4 51.d5 Kb3 52.d6 Rh1+ 53.Kd2 Kxb2 54.Rb5 c3+ 55.Ke2 c2 56.Rxb4+ Ka3  0-1

[Event "EYb18"]
[Site "Budva YUG"]
[Date "2003.09.21"]
[Round "8"]
[White "Meszaros,T"]
[Black "Wojtaszek,R"]
[Result "0-1"]
[WhiteElo "2307"]
[BlackElo "2462"]

1.e4 c5 2.Nf3 d6 3.d4 cxd4 4.Nxd4 Nf6 5.Nc3 e6 6.Be2 a6 7.a4 Qc7 8.O-O b6
9.f4 Bb7 10.Bf3 Nc6 11.Nxc6 Bxc6 12.Be3 Be7 13.Qd4 Rb8 14.Qc4 b5 15.axb5 axb5
16.Qd3 O-O 17.Ra7 Rb7 18.Rfa1 b4 19.Rxb7 Bxb7 20.Nb5 Qb8 21.Nd4 Rc8 22.g4 d5
23.e5 Ne4 24.Bxe4 dxe4 25.Qb5 Rc7 26.Ra5 Qc8 27.Qb6 Bd5 28.Ra7 Rxa7 29.Qxa7 Bc5
30.Qa5 h5 31.gxh5 Bxd4 32.Bxd4 Qxc2 33.Be3 Qd1+  0-1

[Event "EYb18"]
[Site "Budva YUG"]
[Date "2003.09.22"]
[Round "9"]
[White "Wojtaszek,R"]
[Black "Grachev,B"]
[Result "1/2-1/2"]
[WhiteElo "2462"]
[BlackElo "2500"]

1.d4 Nf6 2.Nf3 g6 3.c4 Bg7 4.g3 O-O 5.Bg2 d6 6.O-O Nc6 7.Nc3 a6 8.b3 Rb8
9.Nd5 Nh5 10.Bb2 e6 11.Ne3 Ne7 12.Ne1 f5 13.Nd3 b6 14.Rc1 c5 15.dxc5 bxc5
16.Bxg7 Nxg7 17.Qd2 Bb7 18.Rfd1 Qc7 19.b4 Bxg2 20.Nxg2 cxb4 21.Nxb4 Qa5 22.a3 Rb6
23.Qe3 Rc8 24.Nf4 Qc5 25.Qxc5 dxc5 26.Nfd3 g5  1/2-1/2

[Event "WYb16"]
[Site "Halkidiki GRE"]
[Date "2003.10.23"]
[Round "1"]
[White "Wojtaszek,R"]
[Black "Glud,J"]
[Result "1/2-1/2"]
[WhiteElo "2461"]
[BlackElo "2203"]

1.d4 d5 2.c4 e6 3.Nc3 Be7 4.cxd5 exd5 5.Bf4 Nf6 6.e3 O-O 7.Bd3 c5 8.Nf3 Nc6
9.O-O Bg4 10.dxc5 Bxc5 11.h3 Bh5 12.g4 Bg6 13.Bxg6 hxg6 14.g5 Nh5 15.Qxd5 Nxf4
16.exf4 Qxd5 17.Nxd5 Rad8 18.Rfd1 Nd4 19.Nxd4 Rxd5 20.Nb3 Rfd8 21.Rxd5 Rxd5
22.Rc1 Bb6 23.Rc8+ Kh7 24.Kg2 Rd1 25.Rc1 Rd3 26.Rc2 Kg8 27.Rc8+ Kh7 28.h4 f5
29.Re8 Rd7 30.Kf3 Rd3+ 31.Ke2 Rh3 32.Nc1 Rxh4 33.Nd3 Bc7 34.Re7 Bxf4 35.Rxb7 Bxg5
36.Rxa7 Re4+ 37.Kd1 Rd4 38.Kc2 Rc4+ 39.Kb3 Rd4 40.Kc3 Bf6 41.Ra3 g5 42.b4 g4
43.Kd2 f4 44.Ke2 f3+ 45.Ke1 Re4+ 46.Kf1 Re2 47.b5  1/2-1/2

[Event "WYb16"]
[Site "Halkidiki GRE"]
[Date "2003.10.25"]
[Round "3"]
[White "Wojtaszek,R"]
[Black "Pancevski,F"]
[Result "1-0"]
[WhiteElo "2461"]
[BlackElo "2273"]

1.d4 Nf6 2.Nf3 g6 3.c4 Bg7 4.g3 O-O 5.Bg2 d6 6.Nc3 Nbd7 7.O-O e5 8.e4 Re8
9.h3 c6 10.Be3 exd4 11.Nxd4 Nc5 12.Qc2 a5 13.Rad1 Qe7 14.Rfe1 Bd7 15.Bf4 Nh5
16.Bc1 Rad8 17.Nb3 Nxb3 18.axb3 f5 19.Qd2 fxe4 20.Nxe4 d5 21.cxd5 cxd5 22.Ng5 Be5
23.Qxd5+ Kg7 24.Rxe5  1-0

[Event "WYb16"]
[Site "Halkidiki GRE"]
[Date "2003.10.26"]
[Round "4"]
[White "Nikhilesh,K"]
[Black "Wojtaszek,R"]
[Result "1/2-1/2"]
[WhiteElo "2250"]
[BlackElo "2461"]

1.e4 c5 2.Nf3 d6 3.d4 cxd4 4.Nxd4 Nf6 5.Nc3 a6 6.Bg5 e6 7.f4 h6 8.Bh4 Be7
9.Bf2 b5 10.Bd3 Bb7 11.a3 Nbd7 12.O-O Rc8 13.Qe2 Nc5 14.Rad1 O-O 15.Nb3 Nxd3
16.cxd3 e5 17.fxe5 dxe5 18.d4 Nd7 19.Nd5 Bxd5 20.exd5 e4 21.Qxe4 Nf6 22.Qf5 Qxd5
23.Qxd5 Nxd5 24.Nc5 Rc6 25.Rfe1 f6 26.g3 Kf7 27.Kg2 Rd8 28.Rc1 Rdc8 29.Rcd1 g5
30.Re2 h5 31.Rde1 Bf8 32.b4 Ra8 33.Rb2 Nb6 34.Rb3 Nd5 35.Ra1 f5 36.a4 bxa4
37.Rxa4 Rb6 38.b5 Nc7 39.Nd7 Rxb5 40.Rc3 Nd5 41.Rc6 g4 42.Raxa6 Rxa6 43.Rxa6 Rb2
44.Ne5+ Kg8 45.Kf1 f4 46.gxf4 Nxf4 47.Bg3 Nd5 48.Bf2 Be7 49.Ng6 Bb4 50.Ra7 Rc2
51.Rd7 Nf6 52.Rb7 Ne4 53.Rxb4 Nxf2 54.Rb5 Kg7 55.Nh4 Nh3 56.Rxh5 Rxh2 57.Ra5 Rf2+
58.Ke1 Kf6 59.Ra3 Rf4 60.d5 Rd4 61.Rg3 Nf4 62.Ng2 Nd3+ 63.Kd2 Ne5+ 64.Ke2 Rxd5
65.Ne3 Rd4 66.Nxg4+ Nxg4 67.Ra3 Ke5 68.Ra8 Ke4 69.Re8+ Ne5 70.Rh8 Rd7 71.Rh4+ Kd5
72.Ke3 Ra7 73.Ke2 Ra3 74.Rh8 Ng6 75.Rd8+ Ke4 76.Kd2 Ne5 77.Kc2 Nc6 78.Kb2 Rh3
79.Re8+ Kd5 80.Kc2 Kd4 81.Rg8 Nb4+ 82.Kb2 Nd3+ 83.Kc2 Rh2+ 84.Kb3 Rb2+ 85.Ka3 Rb7
86.Rg4+ Kc5 87.Rh4 Ne5 88.Ka2 Nf3 89.Rh1 Nd2 90.Rh4 Nc4 91.Rh5+ Kb4 92.Kb1 Kc3+
93.Kc1 Nb2 94.Rc5+ Kd4 95.Rc8 Nd3+ 96.Kc2 Rb2+ 97.Kd1 Nf2+ 98.Kc1 Re2 99.Rd8+ Ke3
100.Re8+ Ne4 101.Rd8 Rh2 102.Rd7 Nc5 103.Rd8 Nd3+ 104.Kb1 Rb2+ 105.Ka1 Rb7
106.Ka2 Kd2 107.Rc8 Ne5 108.Ka3 Kd3 109.Ka4 Nc4 110.Rh8  1/2-1/2

[Event "WYb16"]
[Site "Halkidiki GRE"]
[Date "2003.10.27"]
[Round "5"]
[White "Wojtaszek,R"]
[Black "Lanin,A"]
[Result "1/2-1/2"]
[WhiteElo "2461"]
[BlackElo "2306"]

1.e4 c5 2.Nf3 d6 3.d4 cxd4 4.Nxd4 Nf6 5.Nc3 a6 6.Be3 e5 7.Nf3 Qc7 8.a4 b6
9.Be2 Be7 10.O-O O-O 11.Qd3 Bb7 12.Nh4 g6 13.Bh6 Rd8 14.Nf5 Bf8 15.Bxf8 Kxf8
16.Ne3 Nbd7 17.Rad1 Nc5 18.Qc4 Ne6 19.Qb4 a5 20.Qa3 Nxe4 21.Nb5 Qc5 22.Qxc5 dxc5
23.Nc4 Nd4 24.Nxd4 exd4 25.Nxb6 Rab8 26.Bb5 Ba6 27.Bxa6 Rxb6 28.Bd3 Nf6 29.b3 Nd5
30.Bc4 Nc3 31.Rde1 Rb4 32.Bd3 Rbb8 33.Re5 Re8  1/2-1/2

[Event "WYb16"]
[Site "Halkidiki GRE"]
[Date "2003.10.29"]
[Round "7"]
[White "Wojtaszek,R"]
[Black "Mamikonian,T"]
[Result "1/2-1/2"]
[WhiteElo "2461"]
[BlackElo "2295"]

1.d4 Nf6 2.Nf3 b6 3.c4 Bb7 4.Nc3 e6 5.a3 d5 6.cxd5 Nxd5 7.Qc2 g6 8.Nxd5 Qxd5
9.Qxc7 Bd6 10.Qc2 O-O 11.Qd1 Nc6 12.e3 e5 13.Be2 exd4 14.exd4 Rfe8 15.Be3 Ne7
16.O-O Nf5 17.Qd2 Nxe3 18.fxe3 Bf8 19.Rae1 Bh6 20.Bd3 Rad8 21.Qf2 f5 22.Re2 Qb3
23.Bc2 Qxc2 24.Rxc2 Bxe3 25.Rc7 Bxf3 26.gxf3 Bxd4 27.Rxa7 Re2 28.Qxd4 Rxd4
29.Rc1 Rd8 30.b4 b5 31.a4 bxa4 32.b5 Rb2 33.b6 Rxb6 34.Rcc7 Rb2 35.Rg7+ Kf8
36.Rgf7+ Kg8 37.Rg7+ Kf8 38.Raf7+ Ke8 39.Re7+ Kf8 40.Ref7+ Ke8 41.Re7+ Kf8
42.Ref7+ Ke8  1/2-1/2

[Event "WYb16"]
[Site "Halkidiki GRE"]
[Date "2003.10.31"]
[Round "9"]
[White "Wojtaszek,R"]
[Black "Koneru,H"]
[Result "1-0"]
[WhiteElo "2461"]
[BlackElo "2485"]

1.d4 Nf6 2.c4 e6 3.Nf3 b6 4.Nc3 Bb7 5.a3 d5 6.cxd5 exd5 7.Bf4 Be7 8.e3 O-O
9.Be2 c5 10.O-O Na6 11.Nb5 Nh5 12.Be5 f6 13.Bg3 Nxg3 14.hxg3 Nc7 15.dxc5 bxc5
16.Nxc7 Qxc7 17.Qc2 Bd6 18.Rac1 a5 19.Rfd1 Rfd8 20.Nd4 Qf7 21.Nb5 Bf8 22.Rd2 Kh8
23.Rcd1 f5 24.Bf3 Rab8 25.Nc3 d4 26.exd4 Bxf3 27.gxf3 Rxd4 28.Rxd4 cxd4 29.Rxd4 Qb7
30.Qxf5 Qxb2 31.Rh4 h6 32.Qxa5 Bxa3 33.Qe5 Qc1+ 34.Kg2 Rc8 35.f4  1-0

[Event "WYb16"]
[Site "Halkidiki GRE"]
[Date "2003.11.01"]
[Round "10"]
[White "Wojtaszek,R"]
[Black "Bellaiche,A"]
[Result "1/2-1/2"]
[WhiteElo "2461"]
[BlackElo "2454"]

1.d4 Nf6 2.c4 d6 3.Nf3 Nbd7 4.Nc3 c6 5.e4 e5 6.Be2 g6 7.O-O Bg7 8.Re1 O-O
9.Bf1 exd4 10.Nxd4 Re8 11.f3 d5 12.exd5 Rxe1 13.Qxe1 cxd5 14.Be3 dxc4 15.Rd1 a6
16.Bxc4 Qc7 17.Bb3 Nc5 18.Qg3 Qxg3 19.hxg3 Nxb3 20.Nxb3 Bd7 21.g4 h6 22.Na5 b5
23.a3 Be6 24.Nb7 Nd7 25.Bd4 Bb3 26.Rd2 Ne5 27.Na5 Nc4 28.Nxc4 Bxc4 29.Bxg7 Kxg7
30.Rd6 a5 31.Rb6 Rd8 32.b3 Rd3 33.bxc4 Rxc3 34.cxb5 Rxa3 35.Ra6 a4 36.b6 Rb3
37.Rxa4 Rxb6  1/2-1/2

[Event "WYb16"]
[Site "Halkidiki GRE"]
[Date "2003.11.02"]
[Round "11"]
[White "Tomashevsky,E"]
[Black "Wojtaszek,R"]
[Result "1/2-1/2"]
[WhiteElo "2444"]
[BlackElo "2461"]

1.Nf3 g6 2.d4 Bg7 3.c3 f5 4.Bg5 h6 5.Bf4 d6 6.h4 Nf6 7.Na3 O-O 8.e3 e6 9.Qb3 Qe7
10.Be2 Nc6 11.Nc4 Kh7 12.a4 a6 13.a5 Ne4 14.Qa3 Qe8 15.Bh2 Bd7 16.Ng1 Qe7
17.h5 g5 18.f3 Nf6 19.Nh3 Rae8 20.Nf2 e5 21.dxe5 Nxe5 22.Bxe5 dxe5 23.Qxe7 Rxe7
24.O-O-O Bc6 25.g3 g4 26.fxg4 Bxh1 27.Rxh1 fxg4 28.Nxg4 Nxg4 29.Bxg4 e4 30.Bd1 Bf6
31.Rf1 Kg7 32.Bg4 Rd8 33.Rd1 Rf8 34.Rf1 Ree8 35.Bf5 Bg5 36.g4 Rd8 37.Kc2 b5
38.axb6 cxb6 39.Re1 b5 40.Nd2 Rd3 41.Nxe4 Rxe3 42.Rxe3 Bxe3 43.b4 Rd8 44.Kb3 Bb6
45.Nc5 Ra8 46.Ne4 Kf7 47.Nd6+ Kf6 48.c4 bxc4+ 49.Kxc4 Bc7 50.Nb7 Ke5 51.Nc5 Bd6
52.Nd3+ Kf6 53.Kb3 Bc7 54.Nc5 Ke5 55.Kc4 Kd6 56.Ne4+  1/2-1/2

[Event "WYb18"]
[Site "Heraklio GRE"]
[Date "2004.11.05"]
[Round "2"]
[White "Wojtaszek,R"]
[Black "Netzer,J"]
[Result "0-1"]
[WhiteElo "2536"]
[BlackElo "2361"]

1.d4 d5 2.c4 dxc4 3.Nf3 Nf6 4.Qa4+ c6 5.Qxc4 Bf5 6.g3 e6 7.Bg2 Nbd7 8.O-O Be7
9.e3 O-O 10.Nc3 h6 11.Qe2 Re8 12.e4 Bh7 13.Rd1 a6 14.Ne5 Nxe5 15.dxe5 Nd7
16.Be3 Qc7 17.f4 Rad8 18.Qf2 c5 19.b3 b6 20.Rac1 Qb7 21.h4 Bf8 22.g4 b5 23.Qg3 b4
24.Nd5 exd5 25.exd5 Qb8 26.d6 Kh8 27.g5 f6 28.Rd5 fxe5 29.fxe5 Rxe5 30.gxh6 gxh6
31.Bf4 Rxd5 32.Bxd5 Bg7 33.Re1 Re8 34.Bc6 Rxe1+ 35.Qxe1 Qc8 36.Bg2 Bf5 37.Kh2 Nf6
38.Qe7 Qd7 39.Qe1 Ng4+ 40.Kh1 Bd4 41.Qe2 Qe6 42.Qxe6 Bxe6 43.Bc6 Ne5  0-1

[Event "WYb18"]
[Site "Heraklio GRE"]
[Date "2004.11.10"]
[Round "8"]
[White "Adly,A"]
[Black "Wojtaszek,R"]
[Result "1/2-1/2"]
[WhiteElo "2482"]
[BlackElo "2536"]

1.d4 Nf6 2.Nf3 c5 3.e3 d5 4.c4 cxd4 5.exd4 e6 6.Nc3 Bb4 7.Bd3 dxc4 8.Bxc4 O-O
9.O-O Bd7 10.a3 Bxc3 11.bxc3 Bc6 12.Ne5 Bd5 13.Bd3 Nbd7 14.Bg5 Qa5 15.Bd2 Qc7
16.Qe2 Nxe5 17.dxe5 Nd7 18.c4 Bc6 19.Rae1 Nc5 20.Bc2 Rfd8 21.Bg5 Rd4 22.Rd1 Rxd1
23.Rxd1 Ba4 24.Bxa4  1/2-1/2

[Event "WYb18"]
[Site "Heraklio GRE"]
[Date "2004.11.12"]
[Round "10"]
[White "Kim,Alex"]
[Black "Wojtaszek,R"]
[Result "0-1"]
[WhiteElo "2443"]
[BlackElo "2536"]

1.d4 Nf6 2.Nc3 d5 3.Bg5 Nbd7 4.Nf3 h6 5.Bxf6 Nxf6 6.e3 g6 7.Bd3 Bg7 8.O-O O-O
9.e4 dxe4 10.Nxe4 Nxe4 11.Bxe4 c5 12.dxc5 Qc7 13.c3 Qxc5 14.Qd5 Qc7 15.Rfd1 Be6
16.Qb5 Rad8 17.h3 Bc8 18.Qb3 e6 19.Nd4 a6 20.Nf3 Kh7 21.Rxd8 Rxd8 22.Rd1 Re8
23.Qb4 f5 24.Bc2 e5 25.Qd6 Qxd6 26.Rxd6 e4 27.Ne1 Be5 28.Rd5 Kg7 29.Ba4 Re7
30.Nc2 Bc7 31.Nd4 Re5 32.Bb3 Kf6 33.Rxe5 Bxe5 34.Nc2 Bd6 35.Kf1 f4 36.Bd5 Ke5
37.Bf7 g5 38.Ke2 Bf5 39.Nd4 Bd7 40.Nb3 Bc7 41.Bc4 b5 42.Bf7 Bb6 43.Nd2 Bc6
44.Bg8 Bxf2 45.Nxe4 Bb6  0-1

[Event "Extraliga CZE 2004-5"]
[Site "Czech Rep CZE"]
[Date "2004.12.04"]
[Round "3"]
[White "Nedela,V"]
[Black "Wojtaszek,R"]
[Result "0-1"]
[WhiteElo "2374"]
[BlackElo "2536"]

1.c4 f5 2.g3 Nf6 3.Bg2 g6 4.Nc3 Bg7 5.e3 O-O 6.Nge2 d6 7.O-O e5 8.d3 a5 9.Rb1 h5
10.e4 Nc6 11.Bg5 Be6 12.Nd5 Qd7 13.Qd2 Nh7 14.Be3 Rf7 15.f4 Raf8 16.Rf2 Nf6
17.Nxf6+ Rxf6 18.b3 fxe4 19.dxe4 b6 20.Rd1 R6f7 21.Rdf1 Kh8 22.Kh1 a4 23.Ng1 axb3
24.axb3 h4 25.gxh4 Bg4 26.h3 exf4 27.Rxf4 Rxf4 28.Bxf4 Be6 29.Qd1 Qe8 30.Bg5 Rxf1
31.Bxf1 Bf7 32.Bg2 Ne5 33.Bf4 b5 34.Bxe5 Qxe5 35.Qd3 bxc4 36.bxc4 Qf4 37.Nf3 Bf6
38.Qc2 Qe3 39.Kh2 Kg7 40.Kh1 Be8 41.Ng5 Qe1+  0-1

[Event "Amplico AIG Life Gp1"]
[Site "Warsaw POL"]
[Date "2004.12.19"]
[Round "4"]
[White "Wojtaszek,R"]
[Black "Fedorchuk,S"]
[Result "1-0"]
[WhiteElo "2536"]
[BlackElo "2557"]

1.d4 Nf6 2.c4 e6 3.Nf3 b6 4.Nc3 Bb4 5.Qb3 a5 6.e3 Bb7 7.Be2 Ne4 8.O-O Bxc3
9.bxc3 d6 10.Ne1 a4 11.Qc2 f5 12.f3 Nf6 13.Rb1 Bc6 14.Nd3 Nbd7 15.Nf4 Qe7
16.d5 exd5 17.Qxf5 O-O 18.cxd5 Bb7 19.Qe6+ Rf7 20.Qxe7 Rxe7 21.e4 Nc5 22.Ba3 g5
23.Bxc5 gxf4 24.Bd4 Nd7 25.Bb5 Ra5 26.Rb2 Rxb5 27.Rxb5 Ba6 28.Rb4 Bxf1 29.Kxf1  1-0

[Event "Open A"]
[Site "Krakow POL"]
[Date "2004.12.27"]
[Round "1"]
[White "Wojtaszek,R"]
[Black "Krzesaj,R"]
[Result "1-0"]
[WhiteElo "2536"]
[BlackElo "2196"]

1.d4 d5 2.c4 e6 3.Nc3 c5 4.cxd5 exd5 5.Nf3 Nc6 6.g3 Nf6 7.Bg2 Be7 8.O-O O-O
9.b3 Ne4 10.Bb2 Bf6 11.Na4 b6 12.Rc1 Bb7 13.dxc5 Bxb2 14.Nxb2 Nxc5 15.Nd4 Qf6
16.Nxc6 Bxc6 17.Nd3 Nxd3 18.Qxd3 Rad8 19.Rc2 Rd7 20.Rfc1 Bb7 21.h4 h5 22.Rc7 Qd6
23.Rxd7 Qxd7 24.Qd4 Bc6 25.Qe5 g6 26.Bh3 Qxh3 27.Rxc6 Qg4 28.Qxd5 Kg7 29.e3 Rc8
30.Rxc8 Qxc8 31.e4 Qc3 32.Kg2 Qb2 33.a4 Qc2 34.Qd4+ Kg8 35.Qc4 Qd1 36.Qd5 Qc2
37.e5 Qf5 38.b4 Kg7 39.a5 bxa5 40.bxa5 a6 41.Qc4 Qxe5 42.Qxa6 Qd5+ 43.Kh2 g5
44.hxg5 Qxg5 45.Qb6 Qd2 46.a6 h4 47.a7 hxg3+ 48.Kxg3 Qg5+ 49.Kf3 Qf5+ 50.Ke3 Qe5+
51.Kd3 Qf5+ 52.Kc3 Qc8+ 53.Kb2 Qe8 54.Qd4+ Kg8 55.Qg4+ Kf8 56.Qb4+ Kg7 57.Qc3+ Kg8  1-0

[Event "Open A"]
[Site "Krakow POL"]
[Date "2004.12.28"]
[Round "2"]
[White "Nikolaev,L"]
[Black "Wojtaszek,R"]
[Result "0-1"]
[WhiteElo "2301"]
[BlackElo "2536"]

1.Nf3 d5 2.d4 Nf6 3.c4 c6 4.cxd5 cxd5 5.Nc3 Nc6 6.Bf4 a6 7.e3 Bg4 8.h3 Bh5
9.Be2 e6 10.Ne5 Bxe2 11.Qxe2 Rc8 12.O-O Be7 13.Rfc1 O-O 14.Nxc6 Rxc6 15.Rc2 Qa5
16.Bg5 Rfc8 17.Rac1 h6 18.Bxf6 Bxf6 19.Qd3 Be7 20.a3 Qc7 21.g3 Rc4 22.Ra1 Qb6
23.Rd2 Qa5 24.Rdd1 b5 25.Kg2 Qb6 26.Ne2 a5 27.Rdc1 Bd6 28.Qd1 Qb7 29.Qd2 a4
30.Kh2 Qa6 31.Rxc4 Rxc4 32.Rc1 Qc6 33.Qd1 b4 34.axb4 Bxb4 35.Kg1 Qb5 36.Ra1 Bd6
37.Nc3 Qb8 38.Rxa4 Qxb2 39.Ra8+ Kh7 40.Ne2 Rc2 41.Qd3+ f5 42.Kf1 Rd2 43.Qa6 Qb1+
44.Kg2 Qe4+  0-1

[Event "Open A"]
[Site "Krakow POL"]
[Date "2005.01.02"]
[Round "6"]
[White "Jakubiec,A"]
[Black "Wojtaszek,R"]
[Result "1/2-1/2"]
[WhiteElo "2565"]
[BlackElo "2536"]

1.c4 Nf6 2.Nc3 e6 3.d4 Bb4 4.Qc2 Nc6 5.Nf3 O-O 6.a3 Bxc3+ 7.Qxc3 h6 8.b4 d6
9.e3 Qe7 10.Bb2 Ne4  1/2-1/2

[Event "Open A"]
[Site "Krakow POL"]
[Date "2005.01.03"]
[Round "8"]
[White "Moranda,W"]
[Black "Wojtaszek,R"]
[Result "0-1"]
[WhiteElo "2458"]
[BlackElo "2536"]

1.e4 c5 2.Nf3 a6 3.c3 d5 4.exd5 Qxd5 5.d4 e6 6.Be2 Nf6 7.O-O cxd4 8.Nxd4 Be7
9.Bf3 Qd6 10.Qe2 O-O 11.Re1 Qc7 12.Bg5 Nbd7 13.g3 Re8 14.Bg2 h6 15.Bxf6 Bxf6
16.Nd2 Nc5 17.Ne4 Nxe4 18.Bxe4 Bd7 19.Rad1 Rad8 20.Bc2 g6 21.Bb3 Kg7 22.Nf3 Bb5
23.Qe3 Rxd1 24.Rxd1 Rd8 25.Rxd8 Qxd8 26.Nd4 Be8 27.Bc2 Qd6 28.Be4 b5 29.Qd3 Be7
30.Nb3 Qxd3 31.Bxd3 f5 32.c4 e5 33.cxb5 axb5 34.f3 Kf6 35.Kf1 Ke6 36.Ke2 Kd5
37.Nd2 b4 38.g4 Bd7 39.gxf5 gxf5 40.Ba6 Bc6 41.Nf1 e4 42.f4 Bd6 43.Ne3+ Ke6
44.Bc8+ Kf6 45.Nxf5 Bxf4 46.Nd4 Bd5 47.b3 Bxh2 48.Nc2 Bd6 49.Bd7 Bf7  0-1

[Event "ch-POL u-20"]
[Site "Sroda Wlkp. POL"]
[Date "2005.02.01"]
[Round "2"]
[White "Wojtaszek,R"]
[Black "Ejsmont,K"]
[Result "1/2-1/2"]
[WhiteElo "2553"]
[BlackElo "2356"]

1.d4 e6 2.Nf3 Nf6 3.c4 b6 4.Nc3 Bb4 5.Qb3 c5 6.Bg5 h6 7.Bh4 Bb7 8.dxc5 Bxc5
9.e3 Be7 10.Be2 Na6 11.O-O Nc5 12.Qc2 O-O 13.Rfd1 Nfe4 14.Bxe7 Qxe7 15.Nb5 a6
16.Nbd4 d6 17.b4 Nd7 18.Qb3 Rae8 19.a4 Kh8 20.a5 bxa5 21.Rxa5 f5 22.Qb2 f4
23.Nc2 e5 24.c5 dxc5 25.Bxa6 Bxa6 26.Rxa6 cxb4 27.Ra7 Nec5 28.Qxb4 e4  1/2-1/2

[Event "ch-POL u-20"]
[Site "Sroda Wlkp. POL"]
[Date "2005.02.02"]
[Round "3"]
[White "Warakomski,T"]
[Black "Wojtaszek,R"]
[Result "1/2-1/2"]
[WhiteElo "2397"]
[BlackElo "2553"]

1.e4 c5 2.Nf3 a6 3.c3 d5 4.exd5 Qxd5 5.d4 e6 6.Bd3 Nf6 7.O-O cxd4 8.cxd4 Be7
9.Nc3 Qd6 10.Re1 Nc6 11.Bg5 O-O 12.Qe2 Nb4 13.Bb1 Nbd5 14.Ne5 Bd7 15.Qd3 g6
16.a3 Bc6 17.Ba2 Rfe8 18.Qh3 Bd8 19.Qh4 Nxc3  1/2-1/2

[Event "ch-POL u-20"]
[Site "Sroda Wlkp. POL"]
[Date "2005.02.03"]
[Round "4"]
[White "Wojtaszek,R"]
[Black "Czakon,J"]
[Result "1-0"]
[WhiteElo "2553"]
[BlackElo "2428"]

1.d4 d6 2.c4 Nf6 3.Nc3 g6 4.e4 Bg7 5.f3 O-O 6.Nge2 c5 7.d5 e6 8.Ng3 exd5
9.cxd5 a6 10.a4 h5 11.Be2 Nbd7 12.Bg5 Re8 13.O-O Nf8 14.Qd2 N8h7 15.Be3 h4
16.Nh1 Nh5 17.f4 f5 18.Bxh5 gxh5 19.e5 dxe5 20.Bxc5 h3 21.Ng3 Qh4 22.d6 hxg2
23.Qxg2 Bd7 24.Nd5 Kh8 25.Ne7 Rxe7 26.dxe7 exf4 27.Rad1 Be6 28.Rxf4 Qg5 29.Nxh5  1-0

[Event "ch-POL u-20"]
[Site "Sroda Wlkp. POL"]
[Date "2005.02.06"]
[Round "8"]
[White "Wojtaszek,R"]
[Black "Tomczak,J"]
[Result "1-0"]
[WhiteElo "2553"]
[BlackElo "2294"]

1.d4 d5 2.Nf3 Nf6 3.c4 dxc4 4.Nc3 a6 5.e4 b5 6.e5 Nd5 7.a4 e6 8.axb5 Bb4
9.Qc2 Nb6 10.Qe4 Qd5 11.Qg4 axb5 12.Rxa8 Qxa8 13.Be2 Rg8 14.O-O Bxc3 15.bxc3 Nd5
16.Bd2 Nd7 17.Ng5 h6 18.Ne4 Ne7 19.Ng3 Bb7 20.Nh5 Nf5 21.Nf4 Ke7 22.h4 g5
23.hxg5 Rxg5 24.Qh3 c5 25.Rd1 Qa3 26.d5 Nxe5 27.Nxe6 Rxg2+ 28.Qxg2 fxe6 29.d6+ Nxd6
30.Bg5+ hxg5 31.Qxg5+ Kd7 32.Qxe5 Qa6 33.Bg4 Kc7 34.Qxe6 Ne4 35.Rd7+ Kb8
36.Qe8+  1-0

[Event "ch-POL u-20"]
[Site "Sroda Wlkp. POL"]
[Date "2005.02.07"]
[Round "10"]
[White "Wojtaszek,R"]
[Black "Szoen,D"]
[Result "1-0"]
[WhiteElo "2553"]
[BlackElo "2465"]

1.d4 g6 2.c4 Nf6 3.Nc3 Bg7 4.e4 d6 5.f3 O-O 6.Nge2 Nc6 7.Bg5 a6 8.Qd2 Rb8
9.Rc1 Re8 10.d5 Ne5 11.b3 e6 12.Ng3 c5 13.Be2 exd5 14.cxd5 b5 15.O-O Qb6
16.Be3 Qd8 17.Nh1 Bd7 18.Nf2 b4 19.Ncd1 Bb5 20.Nb2 Rb7 21.Nc4 Nxc4 22.bxc4 Ba4
23.Nd3 Nd7 24.Kh1 Bc3 25.Rxc3 bxc3 26.Qxc3 f6 27.Nb2 Nb6 28.Bf4 Kf7 29.Bd3 Qd7
30.Bg3 Reb8 31.f4 Nxd5 32.cxd5 Rxb2 33.e5 Qb7 34.f5 g5 35.e6+ Ke7 36.Be4 Qb6
37.Qf3 Be8 38.h4 h6 39.Be1 Qb5 40.hxg5 hxg5 41.Bd3 c4 42.Be4 Rxa2 43.Bc3 Ra3
44.Bxf6+ Kxf6 45.Qxa3 Qb2 46.Qxd6 Bh5  1-0

[Event "62nd ch-POL"]
[Site "Poznan POL"]
[Date "2005.04.21"]
[Round "1"]
[White "Wojtaszek,R"]
[Black "Macieja,B"]
[Result "1/2-1/2"]
[WhiteElo "2569"]
[BlackElo "2613"]

1.d4 Nf6 2.c4 g6 3.g3 c6 4.Bg2 d5 5.Qb3 Bg7 6.Nf3 O-O 7.O-O Qb6 8.Nc3 Na6
9.cxd5 Qxb3 10.axb3 cxd5 11.Bd2 Rd8 12.Ne5 Bf5 13.Rfc1 Ne4 14.Nxe4 dxe4 15.Bc3 Bxe5
16.dxe5 Nc5 17.Ra3 Rd7 18.h3 h5 19.Rca1 a6 20.b4  1/2-1/2

[Event "62nd ch-POL"]
[Site "Poznan POL"]
[Date "2005.04.22"]
[Round "2"]
[White "Socko,B"]
[Black "Wojtaszek,R"]
[Result "0-1"]
[WhiteElo "2583"]
[BlackElo "2569"]

1.Nf3 c5 2.c4 Nf6 3.Nc3 Nc6 4.d4 cxd4 5.Nxd4 e6 6.Nc2 d5 7.e3 Bd6 8.cxd5 exd5
9.Be2 O-O 10.O-O a6 11.g3 Bh3 12.Re1 Bc5 13.Bf3 Ne5 14.Bh1 Bg4 15.f3 Be6
16.Nd4 Nc6 17.Nce2 Re8 18.Bd2 Bd7 19.Nxc6 bxc6 20.Nd4 Qb6 21.Bc3 a5 22.Qd2 Bd6
23.Rad1 a4 24.Bg2 Re7 25.b4 axb3 26.Nxb3 Be6 27.Kh1 Rea7 28.Nc1 Be7 29.Re2 c5
30.Qb2 Qxb2 31.Rxb2 Ra3 32.Bd2 c4 33.Rc2 Bf5 34.Rc3 R3a4 35.e4 dxe4 36.Be1 Be6
37.fxe4 Ng4 38.h3 Ne5 39.Rc2 Ra3 40.Bf1 h5 41.Kg2 h4 42.Rc3 Bf6 43.Rc2 R8a4
44.Rd6 Nf3 45.Bf2 Ng5 46.Rxe6 Nxe6 47.Bxc4 hxg3 48.Bb6 Nf4+ 49.Kg1 Rc3  0-1

[Event "62nd ch-POL"]
[Site "Poznan POL"]
[Date "2005.04.24"]
[Round "4"]
[White "Wojtaszek,R"]
[Black "Kempinski,R"]
[Result "1/2-1/2"]
[WhiteElo "2569"]
[BlackElo "2627"]

1.d4 Nf6 2.c4 g6 3.g3 c6 4.Nf3 Bg7 5.Bg2 d5 6.Qb3 O-O 7.O-O dxc4 8.Qxc4 Qb6
9.Nbd2 Be6 10.Qc2 Na6 11.b3 Nb4 12.Qb1 a5 13.Bb2 a4 14.a3 Nbd5 15.b4 Nc7
16.Qc2 Nb5 17.Rfd1 Rfd8 18.h3 h6 19.Rac1 Qa7 20.e3  1/2-1/2

[Event "62nd ch-POL"]
[Site "Poznan POL"]
[Date "2005.04.26"]
[Round "6"]
[White "Wojtaszek,R"]
[Black "Czarnota,P"]
[Result "1-0"]
[WhiteElo "2569"]
[BlackElo "2478"]

1.Nf3 Nf6 2.c4 c6 3.Nc3 d5 4.e3 g6 5.d4 Bg7 6.Bd3 O-O 7.O-O Nbd7 8.cxd5 Nxd5
9.e4 Nb4 10.Be2 a5 11.Bf4 b6 12.a3 Na6 13.Qc2 Bb7 14.Rfd1 h6 15.h3 e6 16.Bd6 Re8
17.Rac1 Nc7 18.Bg3 Rc8 19.Nd2 Bxd4 20.Nc4 e5 21.Nd6 Nc5 22.Nxe8 Qxe8 23.Bg4 N5e6
24.Ne2 Rd8 25.Qb3 b5 26.Nxd4 Nxd4 27.Qe3 Kh7 28.f4 h5 29.fxe5 c5 30.Bf3 Qe7
31.b4 axb4 32.axb4 Nce6 33.bxc5 Bc6 34.Be1 Rd7 35.Bc3 Nxf3+ 36.gxf3 Rc7 37.Be1 g5
38.h4 gxh4 39.Bd2 Qf8 40.f4 Qg7+ 41.Kh2 Qg3+ 42.Qxg3 hxg3+ 43.Kxg3 Bxe4 44.Bb4 Kg6
45.Rd6 Kf5 46.c6 h4+ 47.Kh2 Rc8 48.Ba5 Rg8 49.Rg1 Rc8 50.c7 b4 51.Rd7 Kxf4
52.Rf1+ Kxe5 53.Bxb4 Bc6 54.Bc3+ Ke4 55.Re1+  1-0